Normal view
MARC view
- Waqas ul Hassan, Syndicate No 15
Entry Personal Name
001 - CONTROL NUMBER
- control field: 48230
003 - CONTROL NUMBER IDENTIFIER
- control field: NUST
005 - DATE AND TIME OF LATEST TRANSACTION
- control field: 20210314134015.0
008 - FIXED-LENGTH DATA ELEMENTS
- fixed length control field: 210314|| aca||aabn | a|a d
040 ## - CATALOGING SOURCE
- Original cataloging agency: NUST
- Transcribing agency: NUST
100 ## - HEADING--PERSONAL NAME
- Personal name: Waqas ul Hassan, Syndicate No 15
670 ## - SOURCE DATA FOUND
- Source citation: Work cat.: (NUST): Waqas ul Hassan, Syndicate No 15, Enhancement of flexural strength of reinforced concrete beam using CFRP, 2010
